Which Lake? - Click Quiz - Statistics

General Stats
  • This quiz has been taken 22 times
  • The average score is 13 of 19
Answer Stats
Hint Explanation Answer % Correct
A Canadian province has the same name Ontario Lake Ontario
94%
Is located in Africa Lake Victoria
94%
The Inca were here Lake Titicaca
89%
Biggest Lake in the World Caspian Sea
83%
Is connected to the Sea of Galilee Dead Sea
83%
Deepest Lake in the world Lake Baikal
83%
Is located in Siberia Lake Baikal
83%
Toronto is located at this lake Lake Ontario
83%
Worlds highest lake Lake Titicaca
83%
Saltiest Lake Dead Sea
78%
Is connected to the sea by the St. Lawrence River Lake Ontario
78%
Borders the most countries Borders 5 countries Caspian Sea
72%
Shrunk to 10% of its original size Lake Aral
72%
Is the biggest tropical lake Lake Victoria
56%
Is the Northest one Lake Baikal
50%
Is known for the "Ship Graveyard" Lake Aral
44%
Is also called "Ukerewe" Swahili Name for Lake Victoria Lake Victoria
44%
Oldest Lake of the ones appearing in this quiz Around 25 million years old Lake Baikal
28%
Is near to a city of "peace" Meant is "La Paz" Lake Titicaca
28%
No matching quizzes found
Score Distribution
Percent of People with Each Score
Percentile by Number Answered
Your Score History
You have not taken this quiz